000 01567nam a2200397 a 4500
999 _c529653
_d529653
001 1146235
003 NUST
005 20191001103645.0
008 950329s1995 dcua b f000 0 eng d
010 _a 95060675
020 _z030905852X
035 _a(OCoLC)32886128
038 _aMSOHAIL
040 _aDNAS-NAE
_cDNAS-NAE
_dDLC
042 _alccopycat
043 _an-us---
050 0 0 _aHE336.P37
_bT87 1995
082 _a0
100 1 _aTurnbull, Katherine F.
_922078
245 1 0 _aEffective use of park-and-ride facilities /
_cKatherine F. Turnbull.
260 _aWashington, D.C. :
_bNational Academy Press,
_c1995.
300 _a45 p. :
_bill. ;
_c28 cm.
440 0 _aSynthesis of highway practice ;
_v213
_922079
500 _aResearch sponsored by the American Association of State Highway and Transportation Officials in Cooperation with the Federal Highway Administration.
500 _a"Project 20-5 FY 1991 (Topic 23-13)--T.p. verso.
500 _aAt head of title: National Cooperative Highway Research Program.
504 _aIncludes bibliographical references (p. 41-42).
650 0 _aFringe parking
_zUnited States.
_922080
650 0 _aAutomobile parking
_zUnited States.
_922081
650 0 _aCommuting
_zUnited States.
_921434
710 2 _aNational Research Council (U.S.).
_bTransportation Research Board.
_919676
906 _a7
_bcbc
_ccopycat
_d2
_eopcn
_f19
_gy-gencatlg
942 _2ddc
_cBK